00438nam a22001452 4500001001100000005001700011008004100028040001500069050001900084100002900103245004300132260004500175300001100220651006100231000000110320151217155807.0070226s xx 000 0 eng d aKABUcKABU 0aDT365.62b.O861 aOsogo, John.@000014963110aEastern African nations /cJohn Osogo. aNairobi :bEquatorial Publishers,c1969. a115 p. 0aAfrica, EastxPolitics and governmenty1960.@0000149632